US Rhodes Scholar Universities Quiz Stats

 Plays Quiz Updated Oct 23, 2020

Support Sporcle.
Go Orange.
Score 0/20 Timer 04:00
3 Plays Today
Rank College % Correct
1Harvard University
99.2%
2Yale University
97.6%
3Princeton University
86.9%
4Stanford University
80.4%
6Dartmouth College
69.1%
9University of Chicago
69%
11Massachusetts Institute of Technology
66.3%
7Brown University
54.1%
20=Swarthmore College/University of Texas at Austin
50.6%
12University of North Carolina
50.3%
Rank College % Correct
13Duke University
46.2%
8University of Virginia
37.8%
19Cornell University
30.9%
14United States Air Force Academy
25.6%
15University of Washington
22.2%
5United States Military Academy
19.3%
17University of Wisconsin
19%
10United States Naval Academy
17.6%
16Williams College
14.6%
18Reed College
3.5%

From the Vault

Year Ladder: Historical Events

by CJJ

History 5m
Don't let this ladder tip sideways, you might end up in a parallel dimension.
Remove Ads.
Support Sporcle.
Get the best of Sporcle when you Go Orange. This ad-free experience offers more features, more stats, and more fun while also helping to support Sporcle. Thank you for becoming a member.

Show Comments

Extras

Top Quizzes Today


Score Distribution

Your Account Isn't Verified!

In order to create a playlist on Sporcle, you need to verify the email address you used during registration. Go to your Sporcle Settings to finish the process.

Report this User

Report this user for behavior that violates our Community Guidelines.

Details: